000
00322 a2200157 4500
001
44625
020
_a
040
_c
Anchieta - Aquarius
100
_a
Gouveia, Luis Augusto
240
1
0
_a
Carolina
_l
por
245
1
0
_a
Carolina
300
_a
40
362
0
_a
2005
650
4
_a
Literatura infanto-juvenil
942
_c
BK
999
_c
44625
_d
44625